02189nam a22002057a 4500003000400000005001700004008004100021020001800062040000800080050001100088245004300099260004500142300004500187505025200232520135500484650002601839942000801865952009501873999001501968OSt20250331143459.0250331b |||||||| |||| 00| 0 eng d a9780241631782 ctbs aNK1390 aDesign b: the definitive visual guide aDorling Kindersley Limited, London, 2023 a400 pages illustrations (colour) ; 29 cm aWhat is design? — Arts & Crafts, 1850–1920 — Art Nouveau, 1880–1910 — Art Deco, 1919–1940 — Modernism, 1910–1939 — Mid-century Modern, 1940–1959 — Cultural revolution, 1960–1979 — Postmodern & contemporary, 1980s onwards. a"An updated edition of DK's stunning visual celebration of the world's most important designs and design movements. Discover the history of design with this gorgeous visual celebration of key pieces, movements, and designers, from the Arts and Craft movement to the digital age. Arranged chronologically, Design traces the evolution of design from its roots to the present day, from early chairs, pottery, and homewares to cars, graphic design, and product design. It introduces all the key designers, manufacturers, and objects, illustrating how and why different styles emerged and became popular. It also provides a fascinating insight into design movements, showing how each one began and explaining its philosophy and visual style, from the Arts and Crafts movement to mid-century modern and contemporary. Featuring expert analysis, stunning photography, and a huge range of objects both familiar and extraordinary, Design explains what makes a truly great design and reveals the hidden stories behind the everyday things all around us. With profiles of famous designers and manufacturers, such as William Morris, the Bauhaus, Alvar Aalto, Frank Lloyd Wright, and Vitra, and stunning images of iconic buildings and interiors, it provides a glorious and comprehensive view of classic design across the last two centuries"--Publisher's description 0aDesign2History92796 2lcc 00102lcc4070aTBSbTBSd2025-03-31l0oNK1390 DESpB07520r2025-03-31t1w2025-03-31y1 c4618d4618